<?xml version="1.0" encoding="UTF-8"?>
<collection xmlns="http://www.loc.gov/MARC21/slim">
  <record>
    <leader>00000nam  2200000   4500</leader>
    <controlfield tag="001">INLIS000000000002496</controlfield>
    <controlfield tag="005">20180724145539</controlfield>
    <controlfield tag="008">180724|||||||||   |   |||   |||| ||   | </controlfield>
    <datafield tag="035" ind1=" " ind2=" ">
      <subfield code="0">010-0718002496</subfield>
    </datafield>
    <datafield tag="041" ind1=" " ind2=" ">
      <subfield code="a">id</subfield>
    </datafield>
    <datafield tag="082" ind1=" " ind2=" ">
      <subfield code="a">R. 050</subfield>
    </datafield>
    <datafield tag="090" ind1=" " ind2=" ">
      <subfield code="a">R. 050 PIM I 2017</subfield>
    </datafield>
    <datafield tag="100" ind1=" " ind2=" ">
      <subfield code="a">Kenedy</subfield>
    </datafield>
    <datafield tag="245" ind1=" " ind2=" ">
      <subfield code="a">Kebijakan Penerapan Sistem Penyidikan Berbasis Teknologi Informasi Di Polda Bali</subfield>
    </datafield>
    <datafield tag="260" ind1=" " ind2=" ">
      <subfield code="a">Jakarta</subfield>
      <subfield code="b">LAN Jakarta</subfield>
      <subfield code="c">2017</subfield>
    </datafield>
    <datafield tag="300" ind1=" " ind2=" ">
      <subfield code="a">51 hlm.; Lamp.; 30 cm</subfield>
    </datafield>
    <datafield tag="500" ind1=" " ind2=" ">
      <subfield code="a">Proyek perubahan ini menggagas  perubahan penyidikan yang bersifat manual menjadi maju dan modern dengan menggunakan aplikasi atau program yang berbasis teknologi informasi yang dinamakan Sistem Managemen Penyidikan Terpadu (SPMT), penyusunan proyek perubahan atau inovasi akan bekerja mulai LP diterima oleh SPKT dan di input ke dalam sistem dan langsung ke direktorat-direktorat atau bagian/satker, yang menangani laporan atau pengaduan tersebut, bahkan sampai penyelesaiannya dapat terkontrol dengan baik, dengan demikian untuk memperkecil terjadinya pelanggaran atau penyimpangan yang dilakukan oleh penyidik, dengan harapan diterapkannya sistem penyidikan berbasis IT, ada manfaat oleh masyarakat yang mencari keadilan, masyarakat dapat  melihat diberi akses untuk melihat perkembangan penyidikan, yang akhirnya kepuasan masyarakat akan terwujud di Polda Bali.</subfield>
    </datafield>
    <datafield tag="650" ind1=" " ind2=" ">
      <subfield code="a">Teknologi Informasi</subfield>
    </datafield>
  </record>
</collection>
